Statistics for Cities in New York A-Z

Click here to take the quiz!

General Stats

  • This quiz has been taken 379 times
  • The average score is 12 of 24

Answer Stats

ClueAnswer% Correct
AThe CapitalAlbany
100%
BHome of the SabresBuffalo
92%
NThe Big City!New York City
92%
SHome of the Orange MenSyracuse
77%
HOn the Major River it's Named AfterHudson
76%
IWhere Cornell isIthaca
73%
YSuburb North of the Big CityYonkers
73%
R"Flower City", Several Colleges Including RITRochester
71%
CHome of the Baseball Hall of FameCooperstown
66%
L1980 Winter Olympics Held HereLake Placid
65%
UOld Industrial City on the MohawkUtica
59%
MAt the Tip of Long IslandMontauk
54%
PNorthern Town on Lake ChamplainPlattsburgh
38%
FLike the Inventor of the SteamboatFulton
35%
JOne of the Triple Cities with Binghamton, Like Baby ShampooJohnson City
30%
KFirst Capital of NY in 1777Kingston
30%
OTown on Lake Ontario with a SpeedwayOswego
30%
V"Fair" In Romeo and Juliet, Has a big Casino in NYVerona
30%
GFalls North of SaratogaGlens Falls
28%
THome of Uncle Sam, Not HectorTroy
24%
WHas Fort Drum and May Be WetWatertown
22%
DSuburb of S, Named After A Judge, not the 6th GovernorDeWitt
13%
QNamed for the Wife of George the IIIQueensbury
13%
EBirthplace of IBM (And Jon "Bones" Jones)Endicott
12%

Score Distribution

Percentile by Number Answered

Percent of People with Each Score

Your Score History

You have not taken this quiz